000 01275nam a22002297a 4500
001 6781
003 FISKH
005 20250930080401.0
008 250528b cb ||||| |||| 00| 0 eng d
020 _a9780805495850
040 _aFISKH
_beng
_cFISKH
_dFISKH
050 _aBT205.P69
082 _a232
100 _aPowell, Doug
245 _aJesus iWitness /
_cWritten and designed by Doug Powell
260 _aNashville :
_bB&H Publishing Group ,
_c2012.
300 _a32 unnumbered pages :
_bcolor illustrations ;
_c31 cm .
520 _aComparable in style to the best-selling Ologies children's fantasy book series, Jesus iWitness takes you on a visually immersive, interactive tour of his earthly life using vintage photographs of the Holy Land along with richly colored historical paintings. Across 32 intensively designed pages (16 spreads acting as indi- vidual chapters) -- each containing information that is physically nested and must be actively opened to discover -- readers witness the reality of the events, places, and people in the life of Christ. It's a fresh and compelling way for anyone 12 or older to let the Word of God speak through pictures into their own lives.
650 _aBiography
_vNon-fiction
942 _2ddc
_cBK
_n0
999 _c6781
_d6781